Statistics for Biggest Economies of the world: 21 - 40

Click here to take the quiz!

General Stats

  • This quiz has been taken 26 times
  • The average score is 15 of 20

Answer Stats

GDP (US$ Billion)Answer% Correct
1,114Poland
88%
922Malaysia
85%
762South Africa
85%
648Vietnam
85%
720Colombia
81%
1,060Pakistan
81%
522Sweden
81%
913Argentina
77%
529Belgium
77%
641Iraq
77%
1,124Nigeria
77%
634Algeria
73%
687Bangladesh
73%
1,198Egypt
73%
879Philippines
73%
514Switzerland
73%
908Netherlands
65%
515Singapore
62%
694UAE
58%
1,177Taiwan
50%

Score Distribution

Percentile by Number Answered

Percent of People with Each Score

Your Score History

You have not taken this quiz